| 000 | 00500cam a2200205 4500 | ||
|---|---|---|---|
| 001 | D1343 | ||
| 008 | 090401t1976 xxu||||| |||| 00| 0 eng d | ||
| 035 | _a(Sirsi) u63515 | ||
| 041 | _aeng | ||
| 050 | _a634 | ||
| 100 | _aBean, W.J. | ||
| 245 | _aTrees and shrubs hardy in the British Isles Volume III N-Rh | ||
| 250 | _a8th | ||
| 260 |
_aLondon _bJohn Murray _c1976 |
||
| 300 | _axvi. 973p. ill. 22cm | ||
| 350 | _a9.5 | ||
| 520 | _a8th edition revised | ||
| 942 | _n0 | ||
| 948 | _c04/03/1997 | ||
| 999 |
_c94576 _d94576 |
||